| 000 | 00354nam a2200133Ia 4500 | ||
|---|---|---|---|
| 008 | 220217s9999||||xx |||||||||||||| ||und|| | ||
| 020 | _a9812-53-220-X | ||
| 082 | _a621.395 VAH | ||
| 100 | _aVahid, Frank | ||
| 245 | 0 | _aDigital design | |
| 260 |
_aJohn wiely & sons Inc. _bNew York _c2005 |
||
| 300 | _b311 | ||
| 650 | _aDIGITAL DESIGN/LOGIC DESIGN | ||
| 999 |
_c176240 _d176240 |
||